Cizí konzuláty v Čechách, na Moravě a v Bratislavě 1869 - 1918
Na minha lista:
| Autor principal: | |
|---|---|
| Formato: | Livro |
| Idioma: | tcheco |
| Publicado em: |
Praha
Ústav mezinárodních vztahů
2008
|
| Assuntos: | |
| Tags: |
Sem tags, seja o primeiro a adicionar uma tag!
|
MARC
| LEADER | 00000nam a2200000 4500 | ||
|---|---|---|---|
| 001 | 0175311 | ||
| 005 | 20240104120756.8 | ||
| 020 | |a 978-80-86506-70-8 | ||
| 041 | 0 | |a cze | |
| 044 | |a CZ | ||
| 245 | 1 | 0 | |a Cizí konzuláty v Čechách, na Moravě a v Bratislavě 1869 - 1918 |c Rudolf Agstner |
| 264 | 1 | |a Praha |b Ústav mezinárodních vztahů |c 2008 | |
| 300 | |a 104 s. | ||
| 610 | 2 | 0 | |a diplomacia |
| 610 | 2 | 0 | |a diplomati |
| 610 | 2 | 0 | |a politika zahraničná |
| 100 | 1 | |a Agstner, Rudolf | |